000 00722nam a2200265Ia 4500
003 OSt
005 20220918221107.0
006 a|||||r|||| 00| 0
007 ta
008 220917b |||||||| |||| 00| 0 eng d
024 _a148,270
037 _cTextual
040 _aARTS
_cARTS
_beng
041 _2eng
_aeng
082 _aS8:7, L3
100 _aNapier Rodney W
_9139083
245 0 _aGroups
_b theory and experience
260 _aBoston
_bHoughton Mifflin
_c1973
300 _ax,311p.
_ccm.
500 _aApp 285-305p
650 _aSOCIAL PSYCHOLOGY
700 _a Gershenfeld Mattik
_9139084
942 _hS8:7, L3
_cTEXL
_2CC
999 _c270947
_d270947